Macroeconomía (Registro nro. 1431)

Detalles MARC
000 -LEADER
fixed length control field 01714 a2200265 4500
001 - CONTROL NUMBER
control field 26071
005 - DATE AND TIME OF LATEST TRANSACTION
control field 20260407155542.0
008 - FIXED-LENGTH DATA ELEMENTS--GENERAL INFORMATION
fixed length control field 260407a1994 arg spa d
003 - CONTROL NUMBER IDENTIFIER
control field AR-UNSa-BCEJYS
040 ## - CATALOGING SOURCE
Original cataloging agency AR-UNSa-BCEJYS
Language of cataloging spa
Transcribing agency AR-UNSa-BCEJYS
080 ## - UNIVERSAL DECIMAL CLASSIFICATION NUMBER
Universal Decimal Classification number 330.101.541
Common auxiliary subdivision Macroeconomía
100 1# - MAIN ENTRY--PERSONAL NAME
Personal name Dornbusch, Rudiger
245 10 - TITLE STATEMENT
Title Macroeconomía
250 ## - EDITION STATEMENT
Edition statement 4a. ed.
264 #1 - PRODUCTION, PUBLICATION, DISTRIBUTION, MANUFACTURE, AND COPYRIGHT NOTICE
Place of production, publication, distribution, manufacture Madrid :
Name of producer, publisher, distributor, manufacturer McGraw-Hill
Date of production, publication, distribution, manufacture, or copyright notice 1994
300 ## - PHYSICAL DESCRIPTION
Extent xix, 785 p.
Dimensions 23 cm.
505 ## - FORMATTED CONTENTS NOTE
Formatted contents note 1. Introducción - 2. La contabilidad nacional - 3. La demanda agregada y la renta y producción de equilibrio - 4. El dinero, el interés, y la renta - 5. La política fiscal, el efecto desplazamiento y la combinación de políticas económicas - 6. La relaciones internacionales - 7. La oferta y la demanda agregadas: Introducción - 8. El consumo y el ahorro - 9. La inversión - 10. La demnada de dinero - 11. La oferta de dinero y la política monetaria - 12. La política de estabilización : perspectivas y problemas - 13. La oferta agregada : Los salarios, los precios y el empleo - 14. La relación de intercambio entre la inflación y el desempleo - 15. La relación de intercambio entre la inflación y el desempleo - 16. Los deficit presupuestarios y la deuda pública - 17. El dinero, los déficit y la inflación - 18. La macroeconomía : la interacción de los hechos y las ideas - 19. El crecimiento a largo plazo y la productividad - 20. El dinero, los precios y los tipos de cambio
590 ## - LOCAL NOTE (RLIN)
Local note niveau_biblio:m niveau_hierar:0
700 1# - ADDED ENTRY--PERSONAL NAME
Personal name Fischer, Stanley
700 1# - ADDED ENTRY--PERSONAL NAME
Personal name Garcia-Pardo, Jimena
700 1# - ADDED ENTRY--PERSONAL NAME
Personal name Ojeda, Alonso
700 1# - ADDED ENTRY--PERSONAL NAME
Personal name Toharia Cortés, Luis
700 1# - ADDED ENTRY--PERSONAL NAME
Personal name García Durán, José Antonio
942 ## - ADDED ENTRY ELEMENTS (KOHA)
Koha item type
Existencias
Withdrawn status Lost status Damaged status Not for loan Home library Current library Shelving location Date acquired Total checkouts Full call number Barcode Date last seen Price effective from Koha item type
        Biblioteca Prof. Eusebio Cleto del Rey Biblioteca Prof. Eusebio Cleto del Rey   07/04/2026   330.101.541 D713 4ed. L53088 07/04/2026 07/04/2026 Libro
        Biblioteca Prof. Eusebio Cleto del Rey Biblioteca Prof. Eusebio Cleto del Rey   07/04/2026   330.101.541 D713 4ed. L53089 07/04/2026 07/04/2026 Libro